Tensiones hispanofrancesas en el siglo XVIII (Record no. 39519)

MARC details
000 -LEADER
campo de control de longitud fija 00548nam a2200157 i 4500
001 - NÚMERO DE CONTROL
campo de control 39519
003 - IDENTIFICADOR DE NÚMERO DE CONTROL
campo de control ES-MaACL
005 - FECHA Y HORA DE LA ÚLTIMA TRANSACCIÓN
campo de control 20230906160019.0
007 - CAMPO FIJO DE DESCRIPCIÓN FÍSICA--INFORMACIÓN GENERAL
campo de control de longitud fija t|
008 - DATOS DE LONGITUD FIJA--INFORMACIÓN GENERAL
campo de control de longitud fija 030303s1970 sp ||||1| spa d
100 1# - ENTRADA PRINCIPAL--NOMBRE DE PERSONA
Nombre de persona Cano de Gardoqui García, José Luis.
9 (RLIN) 34544
245 10 - MENCIÓN DEL TÍTULO
Título Tensiones hispanofrancesas en el siglo XVIII
Resto del título : "la conspiración de Biron" (1602) /
Mención de responsabilidad, etc. José Luis Cano de Gardoqui.
260 ## - PUBLICACIÓN, DISTRIBUCIÓN, ETC.
Lugar de publicación, distribución, etc. Valladolid :
Nombre del editor, distribuidor, etc. Universidad, Facultad de Filosofía y Letras,
Fecha de publicación, distribución, etc. 1970.
300 ## - DESCRIPCIÓN FÍSICA
Extensión 173 p. ;
Dimensiones 22 cm.
852 ## - LOCALIZACIÓN
Ubicación ES-MaACL
Número de control de estantería C-38477
Sublocalización o colección R.73732
Holdings
Estatus retirado Estado de pérdida Estado de daño No para préstamo Biblioteca de origen Biblioteca actual Ubicación en estantería Fecha de adquisición Fuente de adquisición Total de préstamos Signatura topográfica completa Código de barras Visto por última vez Precio de reemplazo Tipo de ítem Koha
        Biblioteca del Ateneo de Madrid Biblioteca del Ateneo de Madrid Depósito 2 17/01/2008     C-38477 1041618 23/02/2023 23/02/2023 Libro impreso